|
|
|
|
| LEADER |
01686nam a2200349 a 4500 |
| 001 |
30836 |
| 003 |
BD-DhAAL |
| 005 |
20160207111335.0 |
| 008 |
160207s2010 caua b 001 0 eng |
| 010 |
|
|
|a 2009029090
|
| 020 |
|
|
|a 9781412953603 (pbk.)
|
| 020 |
|
|
|a 141295360X (pbk.)
|
| 040 |
|
|
|a DLC
|c DLC
|d BTCTA
|d YDXCP
|d C#P
|d BWX
|d CDX
|d UKM
|d LMR
|d DLC
|d BD-DhAAL
|
| 050 |
0 |
0 |
|a PN4784.T45
|b E96 2010
|
| 082 |
0 |
0 |
|a 070.4/49363325
|2 22
|
| 100 |
1 |
|
|a Exoo, Calvin F.
|9 17771
|
| 245 |
1 |
4 |
|a The pen and the sword :
|b press, war, and terror in the 21st century /
|c Calvin F. Exoo.
|
| 264 |
|
|
|a Los Angeles :
|b Sage,
|c c2010
|
| 300 |
|
|
|a xix, 233 p. :
|b ill. ;
|c 23 cm.
|
| 504 |
|
|
|a Includes bibliographical references and index.
|
| 505 |
0 |
|
|a Media, democracy, hegemony -- Night falls: 9/11 and the Afghan War -- Iraq: war comes to the "City of Peace" -- "And the Lord did shock and awe them that blasphemed him" -- Aftermath: what rough beast, its hour come round at last -- Why?
|
| 526 |
|
|
|a JAATRI
|
| 541 |
|
|
|e 30836
|
| 650 |
|
0 |
|a Terrorism
|x Press coverage
|z United States
|x History
|y 21st century.
|9 17772
|
| 650 |
|
0 |
|a War
|x Press coverage
|z United States
|x History
|y 21st century.
|9 17773
|
| 650 |
|
0 |
|a Journalism
|x Objectivity
|z United States
|x History
|y 21st century.
|9 17774
|
| 650 |
|
0 |
|a Press and politics
|z United States
|x History
|y 21st century.
|9 17775
|
| 650 |
|
0 |
|a Afghan War, 2001-
|x Press coverage.
|9 17776
|
| 650 |
|
0 |
|a Iraq War, 2003-2011
|x Press coverage.
|9 17777
|
| 942 |
|
|
|2 ddc
|c BK
|
| 999 |
|
|
|c 36784
|d 36784
|
| 952 |
|
|
|0 0
|1 0
|2 ddc
|4 0
|6 070_449363325000000_EXO
|7 0
|9 57882
|a BRACUL
|b BRACUL
|c GEN
|d 2016-02-07
|e JAATRI
|l 2
|m 16
|o 070.449363325 EXO
|p 3010030836
|r 2024-06-03
|s 2024-05-14
|t 1
|w 2016-02-07
|y BK
|